000 00557nam a22001817a 4500
003 PILC
005 20160108160754.0
008 130702t xxu||||| |||| 00| 0 eng d
020 _a07460374-5
050 _aQA 76.73
_b.C622 2001
082 _aCS 652.5
_bC57 2000
100 _aClaybourne, Anna.
245 _aEasy design on your computer: using only microsoft word 97 or microsoft office 97
_cAnna Claybourne.
260 _aEngland :
_bUsborne Publishing Ltd,
_c2001.
300 _a48 p. :
_bill. col. ;
_c25 cm.
942 _2lcc
_cBK
999 _c3543
_d3543